000 00920nam a2200301Ia 4500
003 OSt
005 20221006153440.0
006 a|||||r|||| 00| 0
007 ta
008 221006b |||||||| |||| 00| 0 eng d
020 _a9781565912199
_c
_29.95 (each)
024 _a32,352
037 _bGift, Korean Embassy
_cTextual
040 _aEASL
_cEASL
_beng
041 _2eng
_aeng
082 _aNA495,2T, P5
100 _aLEE Sang-Hae
_9664002
245 0 _aSeowon
_b The architecture of Korea's private academies
260 _aSeoul
_bHollym Korea
_c2005
300 _a201p.
_ccm.
490 _v KEL
_aKorean culture series no. 2
650 _a Educational-Institutional
_9664003
650 _a KEL
650 _aArchitecture
700 _a VEMEERSCH Sem Tr.
_9664004
942 _hNA495,2T, P5
_cTEXL
_2CC
999 _c1100438
_d1100438